|
|
|
|
| LEADER |
01382nam a2200361Ia 4500 |
| 001 |
EBC254017 |
| 003 |
MiAaPQ |
| 005 |
20200520144314.0 |
| 006 |
m o d | |
| 007 |
cr cn||||||||| |
| 008 |
000815s2005 enk s 000 0 eng d |
| 020 |
|
|
|z 1845445988
|
| 035 |
|
|
|a (MiAaPQ)EBC254017
|
| 035 |
|
|
|a (Au-PeEL)EBL254017
|
| 035 |
|
|
|a (CaPaEBR)ebr10103418
|
| 035 |
|
|
|a (CaONFJC)MIL50929
|
| 035 |
|
|
|a (OCoLC)62534419
|
| 040 |
|
|
|a MiAaPQ
|c MiAaPQ
|d MiAaPQ
|
| 050 |
|
4 |
|a HD58.7
|b .S46 2005
|
| 245 |
0 |
0 |
|a Semantic and social aspects of learning in organizations
|h [electronic resource] /
|c guest editors: Miltiadis D. Lytras, Miguel-Angel Sicilia, Demetrios Sampson and Kinshuk.
|
| 260 |
|
|
|a Bradford, England :
|b Emerald Group Publishing,
|c c2005.
|
| 300 |
|
|
|a 123 p.
|
| 490 |
0 |
|
|a The learning organization: an international journal ;
|v v.105, no. 9
|
| 533 |
|
|
|a Electronic reproduction. Ann Arbor, MI : ProQuest, 2015. Available via World Wide Web. Access may be limited to ProQuest affiliated libraries.
|
| 650 |
|
0 |
|a Management.
|
| 650 |
|
0 |
|a Organizational behavior.
|
| 655 |
|
4 |
|a Electronic books.
|
| 700 |
0 |
|
|a Kinshuk.
|
| 700 |
1 |
|
|a Lytras, Miltiadis D.
|
| 700 |
1 |
|
|a Sampson, Demetrios.
|
| 700 |
1 |
|
|a Sicilia, Miguel-Angel.
|
| 710 |
2 |
|
|a ProQuest (Firm)
|
| 856 |
4 |
0 |
|u https://ebookcentral.proquest.com/lib/matrademy/detail.action?docID=254017
|z Click to View
|